| 000 | 00875nam a22002297a 4500 | ||
|---|---|---|---|
| 001 | 47521 | ||
| 003 | BD-RjUL | ||
| 005 | 20211209054332.0 | ||
| 008 | 160809s2004 ii ||||| |||| 00| 0 ben d | ||
| 020 |
_a8185471932 _c: IRs 300.00 |
||
| 035 | _a(BD-RjUL)47640 | ||
| 040 |
_aBD-RjUL _bben _cBD-RjUL |
||
| 041 | _aben | ||
| 082 |
_223 _a394.609 _bCHU 2004 |
||
| 100 |
_aচক্রবর্তী, সুধীর _9127730 |
||
| 245 | 1 | 0 |
_aউৎসবে মেলায় ইতিহাস / _cসুধীর চক্রবর্তী |
| 260 |
_aকলকাতা : _bপুস্তক বিপণি, _c২০০৪ |
||
| 300 |
_a৩৪২ পৃ. : _bচিত্র ; _c২৫ সেমি. |
||
| 650 |
_aউৎসব _xইতিহাস ও সমালোচনা _9144478 |
||
| 650 |
_aFestival _xHistory & Criticism _9144479 |
||
| 942 |
_2ddc _cBK |
||
| 999 |
_c47521 _d47521 |
||